[Event "Open Aubagne 2024/25"]
[Site "AubagneGNE"]
[Date "2025.03.22"]
[Round "9.16"]
[Board "16"]
[White "Autouard, Jean-Luc"]
[Black "Belaid, Myriam"]
[Result "1-0"]
[WhiteElo "1551"]
[BlackElo "1399"]
[PlyCount "45"]
[GameId "2158619445973130"]
[WhiteTeam "Cercle d'Echecs Aubagnais"]
[BlackTeam "Cercle d'Echecs Aubagnais"]

1. e4 c5 2. f4 Nc6 3. Nc3 g6 4. Nf3 Bg7 5. Bc4 e6 6. O-O Nge7 7. f5 O-O 8. d3 Na5 9. Qe1 Nxc4 10. dxc4 d5 11. e5 Nxf5 12. Bg5 Qb6 13. cxd5 Qxb2 14. Qd2 h6 15. Bf6 Re8 16. d6 Qb6 17. Rab1 c4+ 18. Rxb6 axb6 19. d7 Rf8 20. g4 Bxf6 21. exf6 b5 22. gxf5 gxf5 23. Qxh6 1-0

[Event "Open Aubagne 2024/25"]
[Site "Aubagne"]
[Date "2025.03.22"]
[Round "9.17"]
[White "Pouliquen, Gilbert"]
[Black "Pretini, Augustin"]
[Result "0-1"]
[WhiteElo "1428"]
[BlackElo "1484"]
[PlyCount "108"]
[WhiteTeam "Echiquier Marseillais 1872"]
[BlackTeam "Cercle d'Echecs Aubagnais"]

1. d4 d5 2. c4 c6 3. Nc3 Nf6 4. cxd5 cxd5 5. Bf4 Nc6 6. Nf3 g6 7. e3 Bg7 8. Bd3
O-O 9. O-O Re8 10. e4 Bg4 11. e5 Nh5 12. Be3 f6 13. exf6 Bxf6 14. Be2 e5 15.
dxe5 Nxe5 16. Nxe5 Bxe2 17. Nxe2 Bxe5 18. Nc3 d4 19. Qb3+ Kg7 20. Rad1 Qf6 21.
Nd5 Qf7 22. Bxd4 Rad8 23. Bxe5+ Rxe5 24. Ne3 Qxb3 25. axb3 Rxd1 26. Rxd1 Nf6
27. Rc1 Rb5 28. Rc7+ Kh6 29. Rc3 Re5 30. g3 Rb5 31. h3 Ne4 32. Ng4+ Kg5 33. f4+
Kf5 34. Ne3+ Ke6 35. Rd3 Nxg3 36. Kg2 Ne4 37. Nc2 Rb6 38. Nd4+ Kf6 39. Kf3 Nc5
40. Rc3 Ne6 41. Nxe6 Kxe6 42. Re3+ Kf5 43. Re5+ Kf6 44. Re3 Rb5 45. Kg4 h5+ 46.
Kh4 Kf5 47. Re5+ Rxe5 48. fxe5 Kxe5 49. Kg5 h4 50. Kxg6 Kf4 51. Kh5 Kg3 52. Kg5
Kxh3 53. Kh5 Kg3 54. Kg5 h3 0-1

[Event "Open Aubagne 2024/25"]
[Site "Aubagne"]
[Date "2025.03.22"]
[Round "9.18"]
[White "Giraudoux Lognos, Lina"]
[Black "Turpin, Isabelle"]
[Result "1-0"]
[WhiteElo "1399"]
[BlackElo "1432"]
[PlyCount "77"]
[WhiteTeam "Cercle d'Echecs Aubagnais"]
[BlackTeam "Cercle d'Echecs Aubagnais"]

1. d4 e6 2. Bf4 Nc6 3. e3 Bb4+ 4. c3 Ba5 5. Nf3 Nf6 6. h3 a6 7. Bd3 b5 8. a3
Qe7 9. Ne5 Bb7 10. O-O h6 11. Nxc6 Bxc6 12. b4 Bb6 13. Nd2 g5 14. Be5 d6 15.
Bxf6 Qxf6 16. Ne4 Qe7 17. Qf3 f5 18. Qh5+ Kd7 19. Ng3 Rag8 20. Rfe1 Qf6 21. e4
f4 22. e5 dxe5 23. dxe5 Qe7 24. Ne4 Kc8 25. Nf6 Rf8 26. Ne4 Bb7 27. Kf1 Bxe4
28. Bxe4 c5 29. Qf3 Qc7 30. Qg4 Qxe5 31. Qf3 Rh7 32. Bxh7 Qb8 33. Qc6+ Bc7 34.
Qxe6+ Kb7 35. Qd5+ Ka7 36. Qxc5+ Bb6 37. Re7+ Ka8 38. Qc6+ Qb7 39. Qxb7# 1-0

[Event "Open Aubagne 2024/25"]
[Site "AubagneGNE"]
[Date "2025.03.22"]
[Round "9.19"]
[Board "19"]
[White "Innocenti, Georges"]
[Black "Engles, Simeon"]
[Result "1-0"]
[WhiteElo "1399"]
[BlackElo "1299"]
[PlyCount "97"]
[GameId "2158615303225464"]
[WhiteTeam "La Dame de la Sainte Baume"]
[BlackTeam "Hay Chess"]

1. e4 c5 2. Nc3 e6 3. Nf3 d5 4. exd5 exd5 5. Qe2+ Be7 6. d4 cxd4 7. Nxd4 Nf6 8. h3 O-O 9. Be3 Nc6 10. O-O-O Nxd4 11. Bxd4 Bf5 12. g4 Be4 13. f3 Bg6 14. Re1 Re8 15. Qd1 Nd7 16. Nxd5 Bg5+ 17. f4 Rxe1 18. Qxe1 Bf6 19. Bxf6 Nxf6 20. Nxf6+ Qxf6 21. f5 Bxf5 22. gxf5 Qxf5 23. Bd3 Qf4+ 24. Kb1 g6 25. a3 a6 26. Qe4 Qb8 27. h4 h5 28. Re1 b5 29. Qd5 b4 30. axb4 Qa7 31. Be4 Re8 32. Qc6 Kf8 33. Qc5+ Qxc5 34. bxc5 Ke7 35. Bc6+ Kf6 36. Bxe8 a5 37. c6 a4 38. c7 a3 39. bxa3 g5 40. hxg5+ Kxg5 41. c8=Q f5 42. Qc5 Kg4 43. Qg1+ Kf4 44. Rf1+ Ke4 45. Bxh5 f4 46. Qg4 Kd4 47. Qe6 f3 48. Rd1+ Kc3 49. Qb3# 1-0

[Event "Open Aubagne 2024/25"]
[Site "Aubagne"]
[Date "2025.03.22"]
[Round "9.20"]
[White "Mouhieddine, Marouane"]
[Black "Rocchia, Alex"]
[Result "0-1"]
[WhiteElo "1299"]
[BlackElo "1515"]
[PlyCount "52"]
[WhiteTeam "Cassis Echecs"]
[BlackTeam "Cercle d'Echecs Aubagnais"]

1. e4 e5 2. Nf3 Nc6 3. Nc3 Bc5 4. Bc4 d6 5. O-O Nf6 6. d3 Bg4 7. h3 Bd7 8. Be3
Bxe3 9. fxe3 Qe7 10. d4 exd4 11. exd4 O-O-O 12. d5 Ne5 13. Nxe5 dxe5 14. Qd3
Nh5 15. g3 Bxh3 16. Rf2 g6 17. Rh2 Be6 18. Rd1 Qg5 19. Ne2 Bg4 20. Kg2 Bxe2 21.
Qxe2 Nf4+ 22. Kf2 Nxe2 23. Bxe2 f5 24. Bf3 f4 25. gxf4 Qxf4 26. Ke2 Qxh2+ 0-1

[Event "Open Aubagne 2024/25"]
[Site "AubagneGNE"]
[Date "2025.03.22"]
[Round "9.21"]
[Board "21"]
[White "Peucelle, Richard"]
[Black "Pala, Gerard"]
[Result "0-1"]
[WhiteElo "1399"]
[BlackElo "1472"]
[PlyCount "74"]
[GameId "2158613609468009"]
[WhiteTeam "Cercle d'Echecs Aubagnais"]
[BlackTeam "Cercle d'Echecs Aubagnais"]

1. e4 c6 2. d4 d5 3. exd5 cxd5 4. Bd3 Nf6 5. Nf3 Bg4 6. Nbd2 Nc6 7. c3 e6 8. h3 Bh5 9. Nf1 Bd6 10. Be2 Qc7 11. Ng3 Bg6 12. Qb3 Bxg3 13. Be3 Bd6 14. Ne5 Nxe5 15. c4 Nxc4 16. Bxc4 dxc4 17. Qd1 Ne4 18. O-O b5 19. Qe2 a6 20. Rab1 Bf4 21. Qf3 Bxe3 22. Qxe3 O-O 23. b4 Rac8 24. a3 c3 25. Rbc1 f5 26. Rc2 f4 27. Qd3 Nd2 28. Qe2 Nxf1 29. Qxe6+ Qf7 30. Qxf7+ Rxf7 31. Rc1 Nd2 32. Re1 f3 33. g3 Bf5 34. Kh2 Ne4 35. g4 Bg6 36. Kg1 c2 37. Rc1 Rd7 0-1